• 首页
  • 本馆介绍
  • 公告通知
  • 最新文献
  • 馆藏检索
  • 电子资源
  • 读者导购
  • 参考咨询
  • 我的图书馆
  • 登录
  • 详细信息显示
  • 放入我的书架
  • 预约/预借图书
  • 作者相关作品
  • 分类相关作品
  • 丛书相关作品
  • 出版社相关作品

书目信息

  • 表格格式
  • 工作单格式
  • 卡片格式
书名: Fifteen strings of cash
作者: adapted by Kuang Rong ; drawings by Wang Hongli.
分册号:
分册名:
出版地: Beijing :
 
出版社: Foreign Languages Press
出版时间: 1982.
页数: [57] p. :
开本: 27 cm.
丛书名:
中图分类号:
科图分类号:
其他分类号: I236.53
主题词:
电子资源:
000 01121cam a2200313 a 450
001 E0759663646
005 20070728163804.67
008 840125s1982 cc a 000 1 chi
010    @a83199596
035    @a(CStRLIN)DCLC83199596-B
040    @aDLC@cDLC@dCStRLIN@dDLC
041 0  @achieng
050 00 @aPL2875.A624@bS5313 1982
082 00 @a895.1/35@2 19
090    @aI236.53
099    @dI236.53@ex5
100 1  @aKuang, Rong.
240 10 @aShi wu guan.@lEnglish & Chinese
245 10 @aFifteen strings of cash / @cadapted by Kuang Rong ; drawings by Wang Hongli.
260    @aBeijing :@bForeign Languages Press :@bDistributed by China Publications Centre (Guoji Shudian),@c1982.
300    @a[57] p. :@bill. ;@c27 cm.
500    @aChinese and English.
500    @aTitle in Chinese on added t.p.: Shi wu guan.
700 1  @aZhu, Suchen,@dfl. 1644.@tShi wu guan.
700 1  @aWang, Hongli.
740 0  @aShi wu guan.
906    @a7@bcbc@corignew@d4@encip@f19@gy-gencatlg
987    @aPINYIN@bCStRLIN@c20010108@dr@e1.0@fSee field: 245(1)
991    @bc-GenColl@hPL2875.A624@iS5313 1982@tCopy 1@wBOOKS
    
    Fifteen strings of cash / / adapted by Kuang Rong ; drawings by Wang Hongli.-Beijing : : Foreign Languages Press : : Distributed by China Publications Centre (Guoji Shudian), , 1982.
    [57] p. : : ill. ; ; 27 cm.
    Chinese and English.-Title in Chinese on added t.p.: Shi wu guan.
    
    ISBN
    
●
相关链接 在E读中查询图书 在五车中查询图书 在当当中查询图书 在豆瓣中查询图书


正题名:Fifteen strings of cash     索取号:I236.53/x5         预约/预借

序号 登录号 条形码 馆藏地/架位号 状态 备注
1 0014450   300144500   第二样本阅览室/ [索取号:I236.53/x5] 在馆    
2 0014451   300144519   密集书库/ [索取号:I236.53/x5] 在馆    
唐山师范学院图书馆 欢迎您!
大连网信软件有限公司© 版权所有